María Alejandra Vicuña: Se tomarán acciones políticas y jurídicas contra 'minoría' por atentar contra base de Alianza País (Registro nro. 40283)
[ vista simple ]
| 000 -CABECERA | |
|---|---|
| Campo de control interno | nam a22 7a 4500 |
| 005 - FECHA Y HORA DE LA CATALOGACION | |
| Campo de control | 20171106110656.0 |
| 008 - ELEMENTOS DE LONGITUD FIJA - INFORMACION | |
| Elementos de Longitud Fija - Informaci | 171106b xxu||||| |||| 00| 0 eng d |
| 040 ## - ORIGEN DE LA CATALOGACION | |
| Origen de la Catalogación | ANE |
| 041 ## - CODIGO DE LENGUAJE | |
| Código de lenguaje del texto | Es |
| 082 ## - NUMERO DE CLASIFICACION DECIMAL DEWEY | |
| 1ra. Clasificación | TV-5746 |
| 100 ## - ENTREVISTADO | |
| Entrevistado | Vicuñs, María |
| Rol del entrevistado | vicepresidenta encargada |
| 245 ## - TÍTULO GENERAL | |
| Título | María Alejandra Vicuña: Se tomarán acciones políticas y jurídicas contra 'minoría' por atentar contra base de Alianza País |
| 260 ## - EDITORIAL | |
| Ciudad | Quito |
| Televisora que emite el programa | Teleamazonas-Entrevista |
| Fecha del Programa | 2017-11-01 |
| 300 ## - DESCRIPCION | |
| Duración en minutos, horas (del programa) | p. |
| 520 ## - RESUMEN | |
| Resumen | La vicepresidenta encargada, María Alejandra Vicuña, se pronunció respecto a lo ocurrido la noche de este martes en donde un grupo de militantes de Alianza País decidió cesar de sus funciones al presidente de la organización Lenín Moreno. Vicuña catalogó de irrespetuosa tal decisión y sostuvo que no responde al "sentir de las bases ni a lo que demanda la militancia del movimiento, que es un respaldo irrestricto al también presidente de los ecuatorianos Moreno y a la consulta popular". En tal sentido, informó que tomarán las acciones políticas, legales y jurídicas contra esa "minoría" que no solo atentó contra el debido proceso que establece el régimen orgánico del partido, sino que quiso pasar por encima de la "inmensa mayoría" que reafirma a Lenín Moreno como su presidente. "Esa actitud equivocada y desesperada tiene que ser corregida", afirmó. "El bloque mayoritario de Alianza País está a favor del Sí a la consulta popular para garantizar la participación ciudadana y quienes lo integramos siempre impulsaremos tanto la unidad del movimiento, como la corrección de los errores y ajustes necesarios", agregó. Sobre el posible retorno de Rafael Correa al país, la semana entrante, Vicuña sostuvo que siempre apuestan por el fortalecimiento de las bases y si "su presencia lo puede lograr, algo que no ocurrió en 10 años, bienvenido sea", sentenció. |
| 650 ## - DESCRIPTORES - TEMAS | |
| Temas - Descriptores | sanciones correístas/Maria Alejandra Vicuña/vicepresidente encargada/Teleamazonas-entrevista/política Ecuador/grupo militantes Alianza País/cesar funciones presidente organización Lenin Moreno/ irrespetuosa tal decisión/respaldo irrestricto presidente ecuatorianos Moreno/consulta popular/tomarán acciones políticas, legales y jurídicas contra minoría/reafirma Lenín Moreno presidente/posible retorno Rafael Correa/apuestan fortalecimiento bases/ |
| 942 ## - ELEMENTOS DE KOHA | |
| Esquema de Clasificaci | |
| Tipo de Documento | Material Multimedia (radio y televisión) |
| Catalogador | IES. |
| Withdrawn status | Lost status | Fuente de Clasificaci | Damaged status | Not for loan | Ubicaci | Biblioteca | Fecha de Adquisición | Signatura Topogr | Código de barras | Date last seen | Price effective from | Tipo de Item |
|---|---|---|---|---|---|---|---|---|---|---|---|---|
| Biblioteca Asamblea Nacional | Biblioteca Asamblea Nacional | 2017-11-06 | TV-5746 | TV-5746 | 2017-11-06 | 2017-11-06 | Material Multimedia (radio y televisión) |